00353nam a2200109Ia 4500008004100000082000800041100002100049245005700070942000600127952009500133999001500228240331s9999 xx 000 0 und d bSIV aSivakumaran, K.S 0aMarapu valith thiranaivume elathu thamil illakiyamum cL 001040708LaWERCLbWERCLcSSCd2024-03-31l0o 809 SIVp4262r2024-03-31w2024-03-31yL c3669d3669